Udržateľné rodinné podniky: Ženské vedenie a krízová odolnosť v slovenskom kontexte
Skúmanie strategickej úlohy ženského líderstva pri formovaní udržateľnosti a odolnosti rodinných podnikov voči krízam so zameraním na Slovensko.
Guardado en:
| Autor principal: | |
|---|---|
| Formato: | Capítulo de libro |
| Lenguaje: | eslovaco |
| Materias: | |
| Etiquetas: |
Sin Etiquetas, Sea el primero en etiquetar este registro!
|
MARC
| LEADER | 00000naa$a2200000$$$4500 | ||
|---|---|---|---|
| 001 | 0313794 | ||
| 005 | 20260105100938.5 | ||
| 041 | 0 | |a slo | |
| 044 | |a SK | ||
| 245 | 1 | 0 | |a Udržateľné rodinné podniky: Ženské vedenie a krízová odolnosť v slovenskom kontexte |c Barbora Brušková |
| 520 | |a Skúmanie strategickej úlohy ženského líderstva pri formovaní udržateľnosti a odolnosti rodinných podnikov voči krízam so zameraním na Slovensko. | ||
| 610 | 2 | 0 | |a podnik rodinný |
| 610 | 2 | 0 | |a podnikanie rodinné |
| 610 | 2 | 0 | |a vodcovstvo |
| 610 | 2 | 0 | |a vedenie |
| 610 | 2 | 0 | |a ženy |
| 610 | 2 | 0 | |a Slovensko |
| 100 | 1 | |a Brušková, Barbora, 1996- | |